| 000 | 01005nam a2200265 a 4500 | ||
|---|---|---|---|
| 001 | 000001771 | ||
| 005 | 20200929145708.0 | ||
| 008 | 090626s2007 es a 000 1 spa d | ||
| 020 | _a9788408077558 | ||
| 040 | _aDO-SdBNP | ||
| 100 | 1 |
_aGarcía Delgado, José Luis _95759 |
|
| 245 | 1 | 0 |
_aEconomía del español : _buna introducción / _cJosé Luis García Delgado, José Antonio Alonso, Juan Carlos Jiménez. |
| 260 |
_aMadrid : _bAriel, _c2007. |
||
| 300 |
_a189 p. : _bil. ; _c23 cm. |
||
| 490 | 0 |
_aValor económico del español _v1 |
|
| 490 | 0 |
_aFundación Telefónica _v2 |
|
| 500 | _aIncluye datos biográficos de los atures en la solapa | ||
| 504 | _aIncluye notas bibliográficas al pie de las paginas | ||
| 504 | _aIncluye referencias bibliográficas ([175]-189). | ||
| 500 | _aIncluye epílogo (167-173) | ||
| 700 | 1 |
_aAlonso, José Antonio _95760 |
|
| 700 | 1 |
_aJiménez, Juan Carlos _95761 |
|
| 830 | 0 |
_aValor económico del español _n1 _95762 |
|
| 830 | 0 |
_aFundación telefónica _n2 _95763 |
|
| 999 |
_c1648 _d1648 |
||